| 000 | 01241nam a2200241 i 4500 | ||
|---|---|---|---|
| 001 | 43559 | ||
| 003 | ES-MaACL | ||
| 005 | 20250905131044.0 | ||
| 007 | t| | ||
| 008 | 030318s1900 sp ||||1| spa d | ||
| 080 | _a821.134.2-31"15" | ||
| 100 | 1 |
_aCervantes Saavedra, Miguel de, _d1547-1616 _9226514 |
|
| 240 | 1 | 0 | _aDon Quijote de la Mancha |
| 245 | 1 | 3 |
_aEl ingenioso hidalgo don Quijote de la Mancha / _ccompuesto por Miguel de Cervantes Saavedra ; edición de fin de siglo ilustrada con dibujos de M. Angel, grabados por Carretero y Sampietro ; y aumentada con un apéndice criticobiográfico por M. Rodríguez-Navas. |
| 260 |
_aMadrid : _bSaturnino Calleja, _c1900 ( _fImp. Colonial) |
||
| 300 |
_aXX, 706 p. ; _c23 cm. |
||
| 500 | _aEn hoja antes del texto: "La presente edición de ciento ochenta y siete ejemplares, terminada de imprimir en 31 de diciembre de 1900, no se destinó a la venta, cada ejemplar fue dedicado a determinada persona". "Pertenece este ejemplar a la Biblioteca del Ateneo Científico y Literario de Madrid" | ||
| 500 | _aPapel de color salmón. | ||
| 700 | 1 |
_aÁngel, Manuel, _d1855-1921 _921708 |
|
| 700 | 1 |
_aRodríguez-Navas, Manuel. _9131977 |
|
| 852 |
_aES-MaACL _jB-1678 |
||
| 999 |
_c43559 _d43559 |
||